Vaasthu Saasthra (Record no. 6679)

MARC details
000 -LEADER
fixed length control field 00757 a2200205 4500
005 - DATE AND TIME OF LATEST TRANSACTION
control field 20080829172842.0
008 - FIXED-LENGTH DATA ELEMENTS--GENERAL INFORMATION
fixed length control field 080829t xxu||||| |||| 00| 0 eng d
010 ## - LIBRARY OF CONGRESS CONTROL NUMBER
LC control number ENG-87467
020 ## - INTERNATIONAL STANDARD BOOK NUMBER
Terms of availability 120.00
035 ## - SYSTEM CONTROL NUMBER
System control number EN-71000
037 ## - SOURCE OF ACQUISITION
Source of stock number/acquisition DBAD / PUB
082 ## - DEWEY DECIMAL CLASSIFICATION NUMBER
Classification number 133.323
100 ## - MAIN ENTRY--PERSONAL NAME
Personal name Ramaswami
245 ## - TITLE STATEMENT
Title Vaasthu Saasthra
Remainder of title science of structures a perfect, precise, practical guide
260 ## - PUBLICATION, DISTRIBUTION, ETC. (IMPRINT)
Place of publication, distribution, etc Tamilnadu
Name of publisher, distributor, etc Chettiar Pathippagam
Date of publication, distribution, etc 2006
270 ## - ADDRESS
Address 4-B, Venkat Rao Road
City Salem
Postal code 636 001
300 ## - PHYSICAL DESCRIPTION
Extent 268 p.
Dimensions 22 cm ( Pbk)
942 ## - ADDED ENTRY ELEMENTS (KOHA)
Institution code [OBSOLETE] dpl
Koha item type English Books
Call number prefix 133.323/RAM
Source of classification or shelving scheme Dewey Decimal Classification
Classification part 133.323
Call number suffix RAM
Holdings
Withdrawn status Lost status Damaged status Not for loan Home library Current library Date acquired Cost, normal purchase price Total Checkouts Full call number Barcode Date last seen Copy number Uniform Resource Identifier Cost, replacement price Price effective from Koha item type
        D.B.Act.Division D.B.Act.Division 29/08/2008 120.00   133.323 RAM EN-71000 15/09/2008 1 7181 120.00 15/09/2008 English Books

© Delhi Public Library
Hit Counter
free hit counter